The communicative competence of young children : a modular approach

Αποθηκεύτηκε σε:
Λεπτομέρειες βιβλιογραφικής εγγραφής
Κύριος συγγραφέας: Foster-Cohen, Susan H. 1954-
Μορφή: Βιβλίο
Γλώσσα:English
Δημοσίευση: London : Longman, 1990
Σειρά:Studies in language and linguistics
Θέματα:
Ετικέτες: Προσθήκη ετικέτας
Δεν υπάρχουν, Καταχωρήστε ετικέτα πρώτοι!

MARC

LEADER 00000nam a2200000 i 4500
001 1/98871
008 000124s1990 eng d
020 |a 0-582-55271-0 
035 |l 10056669 
040 |a GR-MY-UA  |b gre  |e aacr 
041 0 |a eng 
082 0 |a 401.93 
100 1 |a Foster-Cohen, Susan H.  |d 1954- 
245 1 4 |a The communicative competence of young children :  |b a modular approach /  |c Susan H.Foster 
260 |a London :   |b Longman,   |c 1990 
300 |a 238p. 
490 1 |a Studies in language and linguistics 
504 |a Includes bibliographical references 
650 0 0 |a Communicative competence in children. 
650 0 0 |a Language acquisition. 
650 0 0 |a Children  |x Language. 
830 0 |a Studies in language and linguistics 
852 |a INST  |b RHODES  |e 20000124  |h 401.93 FOS  |p 005400013331  |q 005400013331  |t BK  |y 0 
901 |a BIBL4-2000-1 
909 |a Ρ  |b 073116 
922 |a 4ΕΛΗ  |b 199912  |c ΚΠΣ/154  |d GLORY BOOKS 
970 |z 2000/01/24